The Constitution of India/ (Record no. 207173)

MARC details
000 -LEADER
fixed length control field 00746nam a22002177a 4500
005 - DATE AND TIME OF LATEST TRANSACTION
control field 20241128154250.0
010 ## - LCCN (DPL NO)
LC control number ENG-142678
020 ## - INTERNATIONAL STANDARD BOOK NUMBER
Terms of availability 540.00
International Standard Book Number 9788196874360
035 ## - SYSTEM CONTROL NUMBER
System control number EN-126210
037 ## - SOURCE OF ACQUISITION
Source of stock number/acquisition DBAD
082 ## - DEWEY DECIMAL CLASSIFICATION NUMBER
Classification number 342.54
Edition number 1
100 ## - MAIN ENTRY--PERSONAL NAME
Personal name Ghaturkar, Bhagyawan
245 ## - TITLE STATEMENT
Title The Constitution of India/
Statement of responsibility, etc By Bhagyawan Ghaturkar
250 ## - EDITION STATEMENT
Edition statement 1
260 ## - PUBLICATION, DISTRIBUTION, ETC. (IMPRINT)
Place of publication, distribution, etc Uttar Pradesh
Name of publisher, distributor, etc Pearson India Education Pvt Ltd
Date of publication, distribution, etc 2025
270 ## - ADDRESS
City Uttar Pradesh
Address 1st FLoor, Berger Tower, Plot No. C-001A/2, Sector-16B, Noida
Postal code 201301
300 ## - PHYSICAL DESCRIPTION
Extent vpp.
Dimensions 23cm(pb)
Other physical details Index
490 ## - SERIES STATEMENT
Volume number/sequential designation Vol 2
500 ## - GENERAL NOTE
General note With Special Reference to Indian Polity) | Entire Polity Explained in Tabular Format
942 ## - ADDED ENTRY ELEMENTS (KOHA)
Source of classification or shelving scheme Dewey Decimal Classification
Item type English Books
Classification part 342.54
Call number suffix GHA
Edition 1
Holdings
Withdrawn status Lost status Materials specified (bound volume or other part) Not for loan Collection code Home library Current library Date acquired Source of acquisition Cost, normal purchase price Full call number Barcode Copy number Cost, replacement price Koha item type
    VOL 2   Non-fiction Ashok Vihar Ashok Vihar 28/11/2024 Delivery of Books Act Division 540.00 342.54 GHA EN-126210 1 540.00 English Books

© Delhi Public Library
Hit Counter
free hit counter